[Event "Wroclaw"]
[Site "?"]
[Date "2020.08.27"]
[Round "12.1"]
[White "Fus, Jakub"]
[Black "Teclaf, Pawel"]
[Result "0-1"]
[BlackElo "2383"]
[WhiteElo "2113"]
[LiveChessVersion "1.4.8"]

1. Nf3 {[%clk 0:03:02]} Nf6 {[%clk 0:03:03]} 2. c4 {[%clk 0:03:03]} b6
{[%clk 0:03:04]} 3. g3 {[%clk 0:03:04]} Bb7 {[%clk 0:03:05]} 4. Bg2
{[%clk 0:03:06]} c5 {[%clk 0:03:06]} 5. O-O {[%clk 0:03:06]} e6 {[%clk 0:03:05]}
6. Nc3 {[%clk 0:03:07]} a6 {[%clk 0:03:06]} 7. d4 {[%clk 0:03:08]} cxd4
{[%clk 0:03:07]} 8. Qxd4 {[%clk 0:03:09]} d6 {[%clk 0:03:08]} 9. Rd1
{[%clk 0:03:06]} Nbd7 {[%clk 0:03:03]} 10. b3 {[%clk 0:02:55]} Be7
{[%clk 0:03:03]} 11. Ba3 {[%clk 0:02:40]} Nc5 {[%clk 0:03:04]} 12. Qf4
{[%clk 0:02:40]} O-O {[%clk 0:03:03]} 13. Rac1 {[%clk 0:02:39]} Rc8
{[%clk 0:02:46]} 14. Qd2 {[%clk 0:02:35]} Qc7 {[%clk 0:02:43]} 15. Nd4
{[%clk 0:02:19]} Bxg2 {[%clk 0:02:41]} 16. Kxg2 {[%clk 0:02:20]} Rfe8
{[%clk 0:02:40]} 17. f3 {[%clk 0:02:16]} Bf8 {[%clk 0:02:36]} 18. e4
{[%clk 0:02:12]} Qb8 {[%clk 0:02:36]} 19. Qf2 {[%clk 0:02:10]} g6 20. Rc2
{[%clk 0:01:59]} Qa8 {[%clk 0:02:12]} 21. Nde2 b5 22. cxb5 {[%clk 0:01:21]} axb5
{[%clk 0:01:57]} 23. Bb2 {[%clk 0:01:16]} b4 {[%clk 0:01:32]} 24. Na4
{[%clk 0:00:55]} Nfxe4 {[%clk 0:01:23]} 25. Qd4 {[%clk 0:00:50]} e5
{[%clk 0:01:17]} 26. Qe3 Nxa4 27. Rxc8 {[%clk 0:00:39]} Rxc8 {[%clk 0:01:18]} 28.
bxa4 {[%clk 0:00:38]} Qxa4 29. Rc1 {[%clk 0:00:23]} Rxc1 {[%clk 0:01:16]} 30.
Nxc1 {[%clk 0:00:25]} Qc2+ {[%clk 0:01:02]} 31. Qe2 {[%clk 0:00:20]} Qxe2+
{[%clk 0:01:03]} 32. Nxe2 {[%clk 0:00:21]} Nc5 {[%clk 0:01:05]} 33. Bc1
{[%clk 0:00:16]} b3 {[%clk 0:01:01]} 34. axb3 {[%clk 0:00:16]} Nxb3
{[%clk 0:01:00]} 35. Bb2 {[%clk 0:00:15]} f6 {[%clk 0:01:00]} 36. Kf2
{[%clk 0:00:15]} Kf7 {[%clk 0:00:59]} 37. Ke3 {[%clk 0:00:16]} Ke6
{[%clk 0:01:00]} 38. Ba3 {[%clk 0:00:15]} Na5 {[%clk 0:00:56]} 39. Kd3
{[%clk 0:00:16]} Nc6 {[%clk 0:00:52]} 40. Nc3 {[%clk 0:00:12]} Be7 41. Bc1
{[%clk 0:00:08]} d5 {[%clk 0:00:54]} 42. Nb5 {[%clk 0:00:07]} Bd6
{[%clk 0:00:52]} 43. Bb2 f5 {[%clk 0:00:50]} 44. Ba1 {[%clk 0:00:06]} e4+
{[%clk 0:00:49]} 45. fxe4 {[%clk 0:00:07]} fxe4+ {[%clk 0:00:50]} 46. Ke2
{[%clk 0:00:06]} Be5 {[%clk 0:00:50]} 47. Bxe5 {[%clk 0:00:07]} Kxe5 48. Nc7
{[%clk 0:00:08]} d4 {[%clk 0:00:51]} 49. Nb5 {[%clk 0:00:07]} d3+
{[%clk 0:00:51]} 50. Ke3 {[%clk 0:00:08]} Ne7 {[%clk 0:00:52]} 51. Na3
{[%clk 0:00:07]} Nf5+ {[%clk 0:00:51]} 52. Kd2 {[%clk 0:00:08]} Nd6
{[%clk 0:00:52]} 53. Ke3 {[%clk 0:00:06]} Kd5 54. Nb1 {[%clk 0:00:05]} Nc4+
{[%clk 0:00:54]} 55. Kf2 {[%clk 0:00:05]} Kd4 {[%clk 0:00:54]} 0-1

[Event "Wroclaw"]
[Site "?"]
[Date "2020.08.27"]
[Round "12.2"]
[White "Psyk, Radoslaw"]
[Black "Godzwon, Iwo"]
[Result "1-0"]
[BlackElo "2193"]
[WhiteElo "2288"]
[LiveChessVersion "1.4.8"]

1. e4 {[%clk 0:03:03]} c5 {[%clk 0:03:04]} 2. Nc3 {[%clk 0:03:05]} e6
{[%clk 0:03:03]} 3. f4 {[%clk 0:03:05]} d5 {[%clk 0:03:04]} 4. Nf3
{[%clk 0:03:05]} dxe4 {[%clk 0:03:05]} 5. Nxe4 {[%clk 0:03:06]} Be7
{[%clk 0:03:06]} 6. Bb5+ {[%clk 0:03:00]} Bd7 {[%clk 0:03:07]} 7. Qe2
{[%clk 0:03:01]} Nf6 {[%clk 0:03:07]} 8. Ne5 {[%clk 0:02:23]} O-O
{[%clk 0:02:55]} 9. Nxd7 {[%clk 0:02:24]} Nbxd7 {[%clk 0:02:57]} 10. c3
{[%clk 0:01:52]} a6 {[%clk 0:02:47]} 11. Bd3 {[%clk 0:01:36]} b5 {[%clk 0:02:48]}
12. Bc2 {[%clk 0:01:23]} c4 {[%clk 0:02:44]} 13. O-O {[%clk 0:01:17]} Nc5
{[%clk 0:02:46]} 14. Nxc5 {[%clk 0:01:02]} Bxc5+ {[%clk 0:02:47]} 15. Kh1
{[%clk 0:01:04]} Qd5 {[%clk 0:02:35]} 16. d4 {[%clk 0:00:50]} cxd3
{[%clk 0:02:22]} 17. Qxd3 {[%clk 0:00:46]} Qh5 {[%clk 0:02:22]} 18. Bd1
{[%clk 0:00:36]} Qh4 {[%clk 0:02:20]} 19. Be3 {[%clk 0:00:32]} Rad8
{[%clk 0:02:17]} 20. Qe2 {[%clk 0:00:19]} Rxd1 {[%clk 0:02:08]} 21. Rb1 Rxf1+ 22.
Rxf1 {[%clk 0:00:20]} Ng4 {[%clk 0:02:10]} 23. g3 {[%clk 0:00:21]} Qxh2+
{[%clk 0:01:35]} 24. Qxh2 {[%clk 0:00:21]} Nxh2 {[%clk 0:01:36]} 25. Bxc5
{[%clk 0:00:21]} 1-0

[Event "Wroclaw"]
[Site "?"]
[Date "2020.08.27"]
[Round "12.3"]
[White "Szpar, Milosz"]
[Black "Kozak, Antoni"]
[Result "1-0"]
[BlackElo "2320"]
[WhiteElo "2275"]
[LiveChessVersion "1.4.8"]

1. e4 {[%clk 0:03:03]} Nf6 {[%clk 0:03:02]} 2. e5 {[%clk 0:03:03]} Ng8
{[%clk 0:03:03]} 3. d4 {[%clk 0:03:00]} e6 {[%clk 0:03:03]} 4. f4
{[%clk 0:02:48]} b6 {[%clk 0:03:03]} 5. Nf3 {[%clk 0:02:49]} Bb7 {[%clk 0:03:04]}
6. Bd3 {[%clk 0:02:49]} f5 {[%clk 0:03:00]} 7. O-O {[%clk 0:02:46]} Nh6
{[%clk 0:02:56]} 8. c4 {[%clk 0:02:47]} Be7 {[%clk 0:02:56]} 9. Nc3
{[%clk 0:02:48]} Nc6 {[%clk 0:02:39]} 10. a3 {[%clk 0:02:33]} a5 {[%clk 0:02:26]}
11. h3 {[%clk 0:02:26]} Nf7 {[%clk 0:02:02]} 12. Be3 {[%clk 0:02:24]} O-O
{[%clk 0:01:22]} 13. Kh2 {[%clk 0:02:21]} d6 {[%clk 0:01:21]} 14. d5
{[%clk 0:02:17]} exd5 {[%clk 0:01:17]} 15. cxd5 {[%clk 0:02:10]} Nb8
{[%clk 0:01:07]} 16. Bxf5 {[%clk 0:01:41]} Nh6 {[%clk 0:00:52]} 17. Be6+
{[%clk 0:01:27]} Kh8 {[%clk 0:00:53]} 18. Qc2 {[%clk 0:01:25]} Nd7
{[%clk 0:00:52]} 19. Ng5 {[%clk 0:01:06]} g6 {[%clk 0:00:54]} 20. Bd4
{[%clk 0:01:01]} Bxg5 {[%clk 0:00:18]} 21. fxg5 {[%clk 0:01:01]} dxe5
{[%clk 0:00:20]} 22. Qe4 {[%clk 0:00:34]} Qxg5 {[%clk 0:00:09]} 23. Be3
{[%clk 0:00:36]} Nc5 {[%clk 0:00:03]} 24. Bxg5 {[%clk 0:00:33]} 1-0

[Event "Wroclaw"]
[Site "?"]
[Date "2020.08.27"]
[Round "12.4"]
[White "Mis, Mieszko"]
[Black "Pacan-Milej, Kosma"]
[Result "1-0"]
[BlackElo "2113"]
[WhiteElo "2370"]
[LiveChessVersion "1.4.8"]

1. d4 Nf6 2. c4 e6 3. Nf3 d5 4. Nc3 Bb4 5. Qa4+ Nc6 6. e3 O-O 7. Qc2 Re8 8. Bd2
Bf8 9. Be2 Nb4 10. Qb1 dxc4 11. Bxc4 b6 12. a3 Nbd5 13. e4 Nxc3 14. bxc3 Bb7 15.
Bd3 h6 16. O-O c5 17. a4 a6 18. Re1 Qc7 19. Qb2 Rac8 20. Rab1 Nd7 21. g3 Qc6 22.
Qa2 c4 23. Bf1 b5 24. Bg2 e5 25. axb5 axb5 26. Qa5 b4 27. d5 Qa6 28. Qxa6 Bxa6
29. cxb4 c3 30. Be3 Bd3 31. Rbc1 Bxe4 32. Nh4 Bxg2 33. Kxg2 Bxb4 34. Nf5 Nf6 35.
d6 Rcd8 36. Ne7+ Kh7 37. Nc6 Ba3 38. Rxc3 Rxd6 39. Rxa3 Rxc6 40. Ra7 Kg8 41. Rb1
Nd5 42. Bd2 Rc2 43. Rbb7 Rf8 44. Be1 Ne3+ 45. Kf3 Nf5 46. Bb4 Nd4+ 47. Kg2 Nc6
48. Bxf8 Nxa7 49. Bd6 Nc6 50. Rc7 Rc4 51. h4 h5 52. Kf1 f6 53. Kg2 Kh7 54. Bf8
Kg8 55. Bxg7 f5 56. Bf6 f4 57. gxf4 exf4 58. Rg7+ Kf8 59. Rh7 Ne5 60. Bxe5 1-0

[Event "Wroclaw"]
[Site "?"]
[Date "2020.08.27"]
[Round "12.5"]
[White "Lambrecht, Tomasz"]
[Black "Golenia, Wojciech"]
[Result "1/2-1/2"]
[BlackElo "1981"]
[WhiteElo "1487"]
[LiveChessVersion "1.4.8"]

1. d4 {[%clk 0:03:03]} e5 {[%clk 0:02:59]} 2. dxe5 {[%clk 0:03:03]} Nc6
{[%clk 0:03:00]} 3. Nf3 {[%clk 0:03:03]} Qe7 {[%clk 0:03:02]} 4. e4
{[%clk 0:03:02]} Nxe5 {[%clk 0:03:00]} 5. Nxe5 {[%clk 0:02:45]} Qxe5
{[%clk 0:03:00]} 6. Bd3 {[%clk 0:02:43]} Nf6 {[%clk 0:02:41]} 7. Qe2
{[%clk 0:02:02]} Bc5 {[%clk 0:02:27]} 8. Nc3 {[%clk 0:01:45]} d6 {[%clk 0:02:15]}
9. Be3 {[%clk 0:01:18]} Bg4 {[%clk 0:01:34]} 10. f3 {[%clk 0:01:06]} Bh5
{[%clk 0:01:31]} 11. Bxc5 {[%clk 0:01:03]} Qxc5 {[%clk 0:01:30]} 12. Qf2
{[%clk 0:01:04]} Qxf2+ {[%clk 0:01:11]} 13. Kxf2 {[%clk 0:01:05]} O-O-O
{[%clk 0:01:10]} 14. Rad1 {[%clk 0:00:55]} Nd7 {[%clk 0:01:02]} 15. h4
{[%clk 0:00:33]} f6 {[%clk 0:01:00]} 16. Bc4 {[%clk 0:00:34]} Ne5
{[%clk 0:00:49]} 17. Be6+ {[%clk 0:00:33]} Kb8 {[%clk 0:00:51]} 18. g4
{[%clk 0:00:27]} Be8 {[%clk 0:00:43]} 19. h5 {[%clk 0:00:20]} Bc6
{[%clk 0:00:32]} 20. Bb3 {[%clk 0:00:11]} Rde8 {[%clk 0:00:22]} 21. Rhe1
{[%clk 0:00:08]} Rhf8 {[%clk 0:00:22]} 22. Kg3 {[%clk 0:00:07]} g6
{[%clk 0:00:22]} 23. hxg6 {[%clk 0:00:07]} hxg6 {[%clk 0:00:22]} 24. Bd5
{[%clk 0:00:04]} Bd7 {[%clk 0:00:21]} 25. Rh1 {[%clk 0:00:04]} f5
{[%clk 0:00:20]} 26. exf5 {[%clk 0:00:04]} gxf5 {[%clk 0:00:21]} 27. g5
{[%clk 0:00:05]} f4+ {[%clk 0:00:21]} 28. Kf2 {[%clk 0:00:06]} c6
{[%clk 0:00:18]} 29. Be4 {[%clk 0:00:06]} d5 {[%clk 0:00:19]} 30. Bd3
{[%clk 0:00:07]} Rg8 {[%clk 0:00:19]} 31. Rdg1 {[%clk 0:00:07]} Re7
{[%clk 0:00:12]} 32. Ne2 {[%clk 0:00:08]} Nxd3+ {[%clk 0:00:12]} 33. cxd3
{[%clk 0:00:09]} Rf7 {[%clk 0:00:11]} 34. Rh6 {[%clk 0:00:05]} Kc7
{[%clk 0:00:10]} 35. Nd4 {[%clk 0:00:06]} Rfg7 {[%clk 0:00:09]} 36. g6
{[%clk 0:00:06]} Kd6 {[%clk 0:00:09]} 37. Ne2 {[%clk 0:00:05]} Ke5
{[%clk 0:00:10]} 38. Rh5+ {[%clk 0:00:06]} Kf6 {[%clk 0:00:09]} 39. Nxf4
{[%clk 0:00:06]} Bf5 {[%clk 0:00:10]} 40. d4 {[%clk 0:00:08]} Bxg6
{[%clk 0:00:10]} 41. Rh6 {[%clk 0:00:09]} Kf7 {[%clk 0:00:08]} 42. Nxg6
{[%clk 0:00:09]} Rxg6 {[%clk 0:00:09]} 43. Rgxg6 {[%clk 0:00:10]} Rxg6
{[%clk 0:00:10]} 44. Rh7+ {[%clk 0:00:11]} Rg7 {[%clk 0:00:11]} 45. Rh6
{[%clk 0:00:12]} Ke7 {[%clk 0:00:08]} 46. Rh8 {[%clk 0:00:12]} Kf6
{[%clk 0:00:08]} 47. Rf8+ {[%clk 0:00:11]} Ke6 {[%clk 0:00:09]} 48. b4
{[%clk 0:00:06]} b6 {[%clk 0:00:09]} 49. a4 {[%clk 0:00:06]} Kd6 {[%clk 0:00:09]}
50. Rf6+ {[%clk 0:00:06]} Kd7 {[%clk 0:00:10]} 51. Rh6 {[%clk 0:00:07]} a6
{[%clk 0:00:09]} 52. a5 {[%clk 0:00:05]} bxa5 {[%clk 0:00:06]} 53. bxa5
{[%clk 0:00:06]} Re7 {[%clk 0:00:07]} 54. Rg6 {[%clk 0:00:05]} Rh7
{[%clk 0:00:08]} 55. Rg2 {[%clk 0:00:05]} Rh1 {[%clk 0:00:09]} 56. Rg7+
{[%clk 0:00:05]} Kd6 {[%clk 0:00:04]} 57. Ra7 {[%clk 0:00:06]} Ra1
{[%clk 0:00:04]} 58. Rxa6 {[%clk 0:00:07]} Kc7 {[%clk 0:00:05]} 59. Ra7+
{[%clk 0:00:08]} Kb8 {[%clk 0:00:06]} 60. Ra6 {[%clk 0:00:08]} Kc7
{[%clk 0:00:07]} 61. Ke3 {[%clk 0:00:09]} Kb7 {[%clk 0:00:08]} 62. Rb6+
{[%clk 0:00:10]} Kc7 {[%clk 0:00:10]} 63. Ra6 {[%clk 0:00:11]} Kb7
{[%clk 0:00:11]} 64. Rb6+ {[%clk 0:00:12]} Kc7 {[%clk 0:00:13]} 65. Ra6
{[%clk 0:00:13]} Kb7 {[%clk 0:00:09]} 66. Rb6+ {[%clk 0:00:14]} 1/2-1/2

[Event "Wroclaw"]
[Site "?"]
[Date "2020.08.27"]
[Round "12.6"]
[White "Golenia, Jan"]
[Black "Nowak, Mikolaj"]
[Result "1-0"]
[BlackElo "1875"]
[WhiteElo "1956"]
[LiveChessVersion "1.4.8"]

1. c4 {[%clk 0:03:02]} g6 {[%clk 0:03:03]} 2. Nc3 {[%clk 0:03:03]} Bg7
{[%clk 0:03:04]} 3. d4 {[%clk 0:03:04]} d6 {[%clk 0:03:03]} 4. e4
{[%clk 0:03:05]} c5 {[%clk 0:02:53]} 5. d5 {[%clk 0:03:06]} e6 {[%clk 0:02:54]}
6. Nf3 {[%clk 0:03:05]} exd5 {[%clk 0:02:54]} 7. cxd5 {[%clk 0:03:06]} Nf6
{[%clk 0:02:51]} 8. h3 {[%clk 0:03:07]} O-O {[%clk 0:02:51]} 9. Bd3
{[%clk 0:03:08]} Na6 {[%clk 0:02:51]} 10. O-O {[%clk 0:03:06]} Nc7
{[%clk 0:02:48]} 11. a4 {[%clk 0:03:04]} b6 {[%clk 0:02:45]} 12. Bg5
{[%clk 0:02:51]} a6 {[%clk 0:02:38]} 13. e5 {[%clk 0:02:44]} dxe5
{[%clk 0:02:20]} 14. Nxe5 {[%clk 0:02:45]} Bb7 {[%clk 0:01:25]} 15. Nc6
{[%clk 0:02:39]} Qd6 {[%clk 0:00:47]} 16. Bxf6 {[%clk 0:02:21]} Qxf6
{[%clk 0:00:42]} 17. Be4 {[%clk 0:02:03]} Qd6 {[%clk 0:00:28]} 18. Qb3
{[%clk 0:01:44]} Rfe8 {[%clk 0:00:26]} 19. Bf3 {[%clk 0:01:41]} Bxc3
{[%clk 0:00:18]} 20. bxc3 {[%clk 0:01:40]} b5 {[%clk 0:00:19]} 21. axb5
{[%clk 0:01:32]} axb5 {[%clk 0:00:20]} 22. Rxa8 {[%clk 0:01:32]} Bxa8
{[%clk 0:00:21]} 23. Qa2 {[%clk 0:01:19]} c4 {[%clk 0:00:20]} 24. Nb4
{[%clk 0:01:14]} Re5 {[%clk 0:00:13]} 25. Rd1 {[%clk 0:01:07]} Kg7
{[%clk 0:00:14]} 26. Qa7 {[%clk 0:00:47]} Re8 {[%clk 0:00:11]} 27. Qd4+
{[%clk 0:00:45]} Kg8 {[%clk 0:00:11]} 28. Ra1 {[%clk 0:00:43]} Rd8
{[%clk 0:00:11]} 29. h4 {[%clk 0:00:34]} h5 {[%clk 0:00:11]} 30. g3
{[%clk 0:00:33]} Kh7 {[%clk 0:00:10]} 31. Kg2 {[%clk 0:00:34]} Kg8
{[%clk 0:00:12]} 32. Ra2 {[%clk 0:00:34]} Bb7 {[%clk 0:00:11]} 33. Ra7
{[%clk 0:00:35]} Ba8 {[%clk 0:00:12]} 34. Ra1 {[%clk 0:00:28]} Kh7
{[%clk 0:00:11]} 35. Re1 {[%clk 0:00:28]} Kg8 {[%clk 0:00:10]} 36. Rb1
{[%clk 0:00:28]} Kh7 {[%clk 0:00:11]} 37. Ra1 {[%clk 0:00:27]} Kg8
{[%clk 0:00:12]} 38. Re1 {[%clk 0:00:23]} Kh7 {[%clk 0:00:13]} 39. Re2
{[%clk 0:00:19]} Kg8 {[%clk 0:00:13]} 40. Re1 {[%clk 0:00:19]} Kh7
{[%clk 0:00:14]} 41. Re2 {[%clk 0:00:21]} Kg8 {[%clk 0:00:15]} 42. Re1
{[%clk 0:00:22]} Kh7 {[%clk 0:00:16]} 43. Ra1 {[%clk 0:00:21]} Kg8
{[%clk 0:00:17]} 44. Ra2 {[%clk 0:00:21]} Kh7 {[%clk 0:00:17]} 45. Ra7
{[%clk 0:00:22]} Kg8 {[%clk 0:00:17]} 46. Ra1 {[%clk 0:00:19]} Kh7
{[%clk 0:00:19]} 47. Kh2 {[%clk 0:00:18]} Kg8 {[%clk 0:00:19]} 48. Bg2
{[%clk 0:00:19]} Kh7 {[%clk 0:00:17]} 49. Re1 {[%clk 0:00:20]} Kg8
{[%clk 0:00:18]} 50. Re5 {[%clk 0:00:17]} Re8 {[%clk 0:00:15]} 51. Rxe8+
{[%clk 0:00:13]} Nxe8 {[%clk 0:00:16]} 52. Qa7 {[%clk 0:00:14]} Nc7
{[%clk 0:00:16]} 53. Qb8+ {[%clk 0:00:15]} Kg7 {[%clk 0:00:15]} 54. Na6
{[%clk 0:00:11]} Bxd5 {[%clk 0:00:07]} 55. Qxc7 {[%clk 0:00:11]} Qe6
{[%clk 0:00:06]} 56. Nc5 {[%clk 0:00:11]} Qf5 {[%clk 0:00:07]} 57. Qf4
{[%clk 0:00:11]} Bxg2 {[%clk 0:00:06]} 58. Qxf5 {[%clk 0:00:12]} gxf5
{[%clk 0:00:07]} 59. Kxg2 {[%clk 0:00:13]} Kf6 {[%clk 0:00:08]} 60. Na6
{[%clk 0:00:14]} Ke5 {[%clk 0:00:09]} 61. Kf3 {[%clk 0:00:16]} Kd5
{[%clk 0:00:10]} 62. Nb4+ {[%clk 0:00:16]} Ke5 {[%clk 0:00:12]} 63. Ke3
{[%clk 0:00:17]} f4+ {[%clk 0:00:13]} 64. gxf4+ {[%clk 0:00:18]} Kf5
{[%clk 0:00:14]} 65. Kf3 {[%clk 0:00:19]} f6 66. Nd5 {[%clk 0:00:20]} Ke6
{[%clk 0:00:17]} 67. Nc7+ {[%clk 0:00:21]} Kd5 {[%clk 0:00:10]} 68. Ke4+
{[%clk 0:00:21]} 1-0

[Event "Wroclaw"]
[Site "?"]
[Date "2020.08.27"]
[Round "12.7"]
[White "Kulesza, Andrzej"]
[Black "Radecki, Adam"]
[Result "1/2-1/2"]
[BlackElo "1908"]
[WhiteElo "1749"]
[LiveChessVersion "1.4.8"]

1. e4 {[%clk 0:03:04]} c5 {[%clk 0:03:04]} 2. Nf3 {[%clk 0:03:04]} d6
{[%clk 0:03:05]} 3. d4 {[%clk 0:03:06]} cxd4 {[%clk 0:03:06]} 4. Nxd4
{[%clk 0:03:07]} Nf6 {[%clk 0:03:07]} 5. Nc3 {[%clk 0:03:08]} g6 {[%clk 0:03:09]}
6. Be3 {[%clk 0:03:08]} Bg7 {[%clk 0:03:10]} 7. Bc4 {[%clk 0:03:08]} O-O
{[%clk 0:03:10]} 8. f3 {[%clk 0:03:09]} Nc6 {[%clk 0:03:11]} 9. Bb3
{[%clk 0:03:09]} Bd7 {[%clk 0:03:10]} 10. Qd2 {[%clk 0:03:10]} Rc8
{[%clk 0:03:08]} 11. O-O-O {[%clk 0:03:09]} Ne5 {[%clk 0:03:10]} 12. g4
{[%clk 0:03:08]} Nc4 {[%clk 0:03:11]} 13. Bxc4 {[%clk 0:03:09]} Rxc4
{[%clk 0:03:12]} 14. h4 {[%clk 0:03:10]} b5 {[%clk 0:03:13]} 15. h5
{[%clk 0:03:07]} b4 {[%clk 0:03:14]} 16. Nce2 {[%clk 0:03:05]} Qa5
{[%clk 0:03:08]} 17. Kb1 {[%clk 0:03:06]} Rfc8 {[%clk 0:03:04]} 18. hxg6
{[%clk 0:03:03]} fxg6 {[%clk 0:03:04]} 19. Rc1 {[%clk 0:03:01]} Qc7
{[%clk 0:02:46]} 20. Ng3 {[%clk 0:02:45]} a5 {[%clk 0:02:37]} 21. Qh2
{[%clk 0:02:37]} Kf8 {[%clk 0:02:04]} 22. Rhd1 {[%clk 0:02:16]} a4
{[%clk 0:02:05]} 23. g5 {[%clk 0:02:15]} Ng8 {[%clk 0:01:58]} 24. Qxh7
{[%clk 0:02:13]} a3 {[%clk 0:01:53]} 25. Nge2 {[%clk 0:01:35]} axb2
{[%clk 0:01:53]} 26. Kxb2 {[%clk 0:01:36]} Rxc2+ {[%clk 0:01:50]} 27. Kb1
{[%clk 0:01:32]} Rc3 {[%clk 0:01:40]} 28. Bd2 {[%clk 0:01:11]} Qa5
{[%clk 0:01:39]} 29. Bxc3 {[%clk 0:01:08]} bxc3 {[%clk 0:01:40]} 30. Rc2
{[%clk 0:01:09]} Rb8+ {[%clk 0:01:35]} 31. Ka1 {[%clk 0:01:10]} Qa4
{[%clk 0:01:25]} 32. Qxg6 {[%clk 0:01:07]} Rb2 {[%clk 0:01:21]} 33. Nxc3
{[%clk 0:00:58]} Qxc2 {[%clk 0:01:11]} 34. Nxc2 {[%clk 0:00:55]} Rxc2
{[%clk 0:01:12]} 35. Kb1 {[%clk 0:00:54]} Rxc3 {[%clk 0:01:12]} 36. Rc1
{[%clk 0:00:52]} Rxf3 {[%clk 0:01:09]} 37. Rc7 {[%clk 0:00:51]} Rf1+
{[%clk 0:00:59]} 38. Kc2 {[%clk 0:00:51]} Bg4 {[%clk 0:00:47]} 39. Rb7
{[%clk 0:00:38]} Rf2+ {[%clk 0:00:48]} 40. Kd3 {[%clk 0:00:38]} Rf3+
{[%clk 0:00:47]} 41. Kd2 {[%clk 0:00:37]} Rc3 {[%clk 0:00:43]} 42. Rb8+
{[%clk 0:00:36]} Rc8 {[%clk 0:00:42]} 43. Rxc8+ Bxc8 {[%clk 0:00:43]} 44. a4
{[%clk 0:00:37]} Bd7 {[%clk 0:00:40]} 45. a5 {[%clk 0:00:38]} e6 {[%clk 0:00:39]}
46. a6 {[%clk 0:00:39]} Ne7 {[%clk 0:00:40]} 47. Qh5 {[%clk 0:00:38]} Nc6
{[%clk 0:00:40]} 48. Qf3+ {[%clk 0:00:37]} Ke7 {[%clk 0:00:41]} 49. Qb3
{[%clk 0:00:36]} Be5 {[%clk 0:00:39]} 50. Ke1 {[%clk 0:00:33]} Bf4
{[%clk 0:00:34]} 51. g6 {[%clk 0:00:33]} Be5 {[%clk 0:00:26]} 52. Qb7
{[%clk 0:00:32]} Bd4 {[%clk 0:00:26]} 53. g7 {[%clk 0:00:31]} Bxg7
{[%clk 0:00:27]} 54. a7 {[%clk 0:00:32]} Nxa7 {[%clk 0:00:28]} 55. Qxa7
{[%clk 0:00:33]} Be5 {[%clk 0:00:28]} 56. Kd2 {[%clk 0:00:35]} d5
{[%clk 0:00:26]} 57. exd5 {[%clk 0:00:32]} exd5 {[%clk 0:00:27]} 58. Kd3
{[%clk 0:00:33]} Ke6 {[%clk 0:00:28]} 59. Qb6+ {[%clk 0:00:33]} Bd6
{[%clk 0:00:29]} 60. Qe3+ {[%clk 0:00:33]} Be5 {[%clk 0:00:30]} 61. Qh3+
{[%clk 0:00:33]} Kd6 {[%clk 0:00:31]} 62. Qh6+ {[%clk 0:00:33]} Kc5
{[%clk 0:00:30]} 63. Qf8+ {[%clk 0:00:31]} Bd6 {[%clk 0:00:30]} 64. Qf7
{[%clk 0:00:31]} Bb5+ {[%clk 0:00:30]} 65. Kd2 {[%clk 0:00:31]} d4
{[%clk 0:00:30]} 66. Qf5+ {[%clk 0:00:30]} Kc6 {[%clk 0:00:29]} 67. Qe4+
{[%clk 0:00:28]} Kc5 {[%clk 0:00:30]} 68. Kc2 {[%clk 0:00:27]} Ba4+
{[%clk 0:00:27]} 69. Kb2 {[%clk 0:00:25]} Bc6 {[%clk 0:00:27]} 70. Qc2+
{[%clk 0:00:23]} Kd5 {[%clk 0:00:25]} 71. Qf5+ {[%clk 0:00:21]} Be5
{[%clk 0:00:26]} 72. Kc2 {[%clk 0:00:22]} Ba4+ {[%clk 0:00:24]} 73. Kd2
{[%clk 0:00:23]} Bc6 {[%clk 0:00:25]} 74. Qf7+ {[%clk 0:00:23]} Kd6
{[%clk 0:00:26]} 75. Qf8+ {[%clk 0:00:24]} Kd5 {[%clk 0:00:26]} 76. Qd8+
{[%clk 0:00:24]} Bd6 {[%clk 0:00:26]} 77. Qg8+ {[%clk 0:00:24]} Kc5
{[%clk 0:00:27]} 78. Qg5+ {[%clk 0:00:23]} Kc4 {[%clk 0:00:26]} 79. Qg8+
{[%clk 0:00:20]} Kc5 {[%clk 0:00:25]} 80. Qf7 {[%clk 0:00:18]} Be5
{[%clk 0:00:21]} 81. Qf8+ {[%clk 0:00:17]} Kd5 {[%clk 0:00:21]} 82. Qd8+
{[%clk 0:00:17]} Bd6 {[%clk 0:00:21]} 83. Qg5+ {[%clk 0:00:18]} Kc4
{[%clk 0:00:20]} 84. Qg8+ {[%clk 0:00:18]} Kc5 {[%clk 0:00:10]} 85. Qg5+
{[%clk 0:00:17]} Kc4 {[%clk 0:00:11]} 86. Qg8+ {[%clk 0:00:15]} Kc5
{[%clk 0:00:11]} 87. Qf7 {[%clk 0:00:13]} Bd5 {[%clk 0:00:07]} 88. Qa7+
{[%clk 0:00:13]} Kc4 {[%clk 0:00:07]} 89. Qa2+ {[%clk 0:00:12]} Kc5
{[%clk 0:00:08]} 90. Qa5+ {[%clk 0:00:13]} Kc4 {[%clk 0:00:06]} 91. Qa6+
{[%clk 0:00:12]} Kc5 {[%clk 0:00:07]} 92. Kd3 {[%clk 0:00:11]} Be5
{[%clk 0:00:03]} 93. Qa7+ {[%clk 0:00:08]} Kd6 {[%clk 0:00:04]} 94. Qb6+
{[%clk 0:00:08]} Kd7 {[%clk 0:00:06]} 95. Qc5 {[%clk 0:00:08]} Ke6
{[%clk 0:00:07]} 96. Qb6+ {[%clk 0:00:08]} Kd7 {[%clk 0:00:08]} 97. Qh6
{[%clk 0:00:08]} Ke7 {[%clk 0:00:09]} 98. Qg5+ {[%clk 0:00:08]} Ke6
{[%clk 0:00:11]} 99. Qg6+ {[%clk 0:00:09]} Ke7 {[%clk 0:00:12]} 100. Qg5+
{[%clk 0:00:09]} Ke6 {[%clk 0:00:14]} 101. Qg6+ {[%clk 0:00:11]} 1/2-1/2

[Event "Wroclaw"]
[Site "?"]
[Date "2020.08.27"]
[Round "12.8"]
[White "Musial, Tomasz"]
[Black "Kokoszczynski, Jan"]
[Result "0-1"]
[BlackElo "2163"]
[WhiteElo "1931"]
[LiveChessVersion "1.4.8"]

1. d4 {[%clk 0:03:03]} Nf6 {[%clk 0:03:04]} 2. c4 e6 3. Nf3 {[%clk 0:03:03]} c5
{[%clk 0:03:07]} 4. d5 {[%clk 0:03:03]} b5 {[%clk 0:03:08]} 5. dxe6
{[%clk 0:02:58]} fxe6 {[%clk 0:03:10]} 6. cxb5 {[%clk 0:02:59]} d5
{[%clk 0:03:11]} 7. Nc3 {[%clk 0:02:40]} Bd6 {[%clk 0:03:09]} 8. e4
{[%clk 0:01:55]} Nbd7 {[%clk 0:01:19]} 9. exd5 {[%clk 0:01:51]} exd5
{[%clk 0:01:20]} 10. Nxd5 {[%clk 0:01:34]} O-O {[%clk 0:00:53]} 11. Bc4
{[%clk 0:01:05]} Kh8 {[%clk 0:00:54]} 12. O-O {[%clk 0:00:57]} Bb7
{[%clk 0:00:56]} 13. Nxf6 {[%clk 0:00:49]} Nxf6 {[%clk 0:00:56]} 14. Bg5
{[%clk 0:00:47]} Qc7 {[%clk 0:00:55]} 15. h3 {[%clk 0:00:14]} Rad8
{[%clk 0:00:48]} 16. Qb3 {[%clk 0:00:10]} h6 {[%clk 0:00:44]} 17. Bxf6
{[%clk 0:00:09]} Rxf6 {[%clk 0:00:45]} 18. Ne1 {[%clk 0:00:06]} Rg6
{[%clk 0:00:38]} 19. Kh1 {[%clk 0:00:04]} Re8 {[%clk 0:00:24]} 20. Bf7
{[%clk 0:00:05]} Rxe1 {[%clk 0:00:25]} 21. Raxe1 {[%clk 0:00:05]} Bxg2+
{[%clk 0:00:15]} 22. Kg1 {[%clk 0:00:07]} Bh2# {[%clk 0:00:16]} 0-1